000 01240cam a2200289 4500
001 X122643
008 030618n2003 000 0 eng u
035 _a(Sirsi) u122643
100 _aBurr, A.
245 4 _aThe SCL delay and disruption protocol: hunting snarks
260 _c2003
490 _aConstruction Law Journal
_v19(3) 2003, 135-143(9)
520 _aSummarises the key recommendations made in the new "Delay and disruption protocol". These include a proper programme for submission by the contractor, clear instructions on extensions of time, ownership of the float, guidance on concurrent delay and agreement as to variations. The protocol is intended to act as an aid to the interpretation of delay and disruption provisions contained in standard building contracts.
590 _aABS
650 _aBUILT ENVIRONMENT-BUILDING CONTRACT FORMS
650 _aBUILDING CONTRACTORS
650 _aCONCURRENT DELAYS
650 _aSOCIETY OF CONSTRUCTION LAW DELAY AND DISRUPTION PROTOCOL
650 _aDISRUPTION
650 _aEXTENSIONS OF TIME
650 _aVARIATIONS
650 _aFLOAT
650 _aCOMPENSATION
690 _aBUILT ENVIRONMENT-BUILDING CONTRACT FORMS
700 _aLane, N.
942 _n0
999 _c72876
_d72876